000 00519nam a2200181Ia 4500
008 240729s9999 xx 000 0 und d
022 _a2521-0165
245 0 _aJournal of Construction Business and Management
260 _aSouth Africa
260 _bUniversity of Cape Town Libraries
650 _a Business
650 _a Business records management
650 _a Commerce
650 _aSocial Sciences
856 _uhttps://doaj.org/toc/3d55fd0f90894e4abdea120447d8da72
942 _2ddc
942 _cDOAJEJ
999 _c69632
_d69632
945 _a1
_bMadushi Gamage
_c1
_dMadushi Gamage